00438 2200157 4500001002100000005001500021035002000036245005300056100001700109300002800126260005600154082002100210084002100231020001800252650001000270INLIS00000000000323220250621083117 a0010-06250032291 aSave the cat! goes to the movies /cBlake Snyder0 aBlake Snyder axxi, 287 hal. ;c23 cm. aStudio City, CA :bMichael Wiese Productions,c2007 ach 808.23 S6751s ach 808.23 S6751s a9781932907353 4aFiksi
An Error occurred while handling another error:
yii\web\HeadersAlreadySentException: Headers already sent in /home/cgag1341/public_html/lib.cga.sch.id/common/components/MarcHelpers.php on line 185. in /home/cgag1341/public_html/lib.cga.sch.id/vendor/yiisoft/yii2/web/Response.php:369
Stack trace:
#0 /home/cgag1341/public_html/lib.cga.sch.id/vendor/yiisoft/yii2/web/Response.php(342): yii\web\Response->sendHeaders()
#1 /home/cgag1341/public_html/lib.cga.sch.id/vendor/yiisoft/yii2/web/ErrorHandler.php(136): yii\web\Response->send()
#2 /home/cgag1341/public_html/lib.cga.sch.id/vendor/yiisoft/yii2/base/ErrorHandler.php(152): yii\web\ErrorHandler->renderException(Object(yii\web\HeadersAlreadySentException))
#3 [internal function]: yii\base\ErrorHandler->handleException(Object(yii\web\HeadersAlreadySentException))
#4 {main}
Previous exception:
yii\web\HeadersAlreadySentException: Headers already sent in /home/cgag1341/public_html/lib.cga.sch.id/common/components/MarcHelpers.php on line 185. in /home/cgag1341/public_html/lib.cga.sch.id/vendor/yiisoft/yii2/web/Response.php:369
Stack trace:
#0 /home/cgag1341/public_html/lib.cga.sch.id/vendor/yiisoft/yii2/web/Response.php(342): yii\web\Response->sendHeaders()
#1 /home/cgag1341/public_html/lib.cga.sch.id/vendor/yiisoft/yii2/base/Application.php(390): yii\web\Response->send()
#2 /home/cgag1341/public_html/lib.cga.sch.id/opac/index.php(26): yii\base\Application->run()
#3 {main}